Oceňování podniku a standardy hodnoty /

Hlavní autor: Krabec, Tomáš, 1981-
Jazyk: Čeština
Vydáno: Praha : Grada, 2009
Vydání: 1. vyd.
Edice: Prosperita firmy
Témata:
Externí odkaz: Digitalizovaný dokument
Fyzický popis: 261 s. : il. ; 25 cm
Language note: Anglické resumé
Knihy
Uloženo v:
LEADER 02061nam a2200565 a 4500
001 nkc20091996670
003 CZ PrNK
005 20210330235009.0
007 ta
008 090928s2009 xr a f 001 0 cze
015 |a cnb001996670 
020 |a 978-80-247-2865-0  |q (váz.)  |z 978-247-2865-0 
035 |a (OCoLC)703547516 
040 |a OLA001  |b cze 
041 0 |a cze  |b eng 
043 |a e-xr--- 
072 7 |a 657  |x Účetnictví  |2 Konspekt  |9 4 
080 |a 657.92  |2 MRF 
080 |a 330.138  |2 MRF 
080 |a 330.8  |2 MRF 
080 |a 006.32  |2 MRF 
080 |a (437.3)  |2 MRF 
080 |a (048.8)  |2 MRF 
100 1 |a Krabec, Tomáš,  |d 1981-  |7 mzk2005318008  |4 aut 
245 1 0 |a Oceňování podniku a standardy hodnoty /  |c Tomáš Krabec 
250 |a 1. vyd. 
260 |a Praha :  |b Grada,  |c 2009 
300 |a 261 s. :  |b il. ;  |c 25 cm 
490 1 |a Prosperita firmy 
504 |a Obsahuje bibliografii, bibliografické odkazy a rejstřík 
546 |a Anglické resumé 
650 0 7 |a oceňování podniků  |7 ph137913  |2 czenas 
650 0 7 |a oceňování podniků  |7 ph137913  |z Česko  |2 czenas 
650 0 7 |a teorie hodnoty  |7 ph126559  |2 czenas 
650 0 7 |a ekonomické teorie  |7 ph114428  |2 czenas 
650 0 7 |a mezinárodní normy a standardy  |7 ph260673  |2 czenas 
650 0 9 |a valuation of business enterprises  |2 eczenas 
650 0 9 |a valuation of business enterprises  |z Czechia  |2 eczenas 
650 0 9 |a theory of value  |2 eczenas 
650 0 9 |a economics (theory)  |2 eczenas 
650 0 9 |a international standards  |2 eczenas 
655 7 |a monografie  |7 fd132842  |2 czenas 
655 9 |a monographs  |2 eczenas 
830 0 |a Prosperita firmy  |0 s 
856 4 1 |u https://www.digitalniknihovna.cz/mzk/uuid/uuid:162af8e0-8258-11eb-b3ed-005056827e52  |y Digitalizovaný dokument  |x NDK 
910 2 |a BOA001  |b 2-1422.603 
990 |a BK 
995 |a 01 
996 6 |b 2610773636  |c 2-1422.603  |l MZK  |r Sklad / do 1 hodiny  |n 2  |p p.v.  |w 001711907  |u 000010  |a 1  |e BOA001  |j MZK50  |s P 
996 7 |b 2610773637  |c 2-1422.603  |l MZK  |r Sklad / do 1 hodiny  |n 6  |p kup  |w 001711907  |u 000020  |a 1  |e BOA001  |j MZK50  |s A